| 000 | 00686nam a2200229 a 4500 | ||
|---|---|---|---|
| 001 | 52402 | ||
| 003 | BD-RjUL | ||
| 005 | 20211209075811.0 | ||
| 008 | 160920s1964 ii 000 0 eng | ||
| 035 | _a(BD-RjUL)52522 | ||
| 040 |
_aDLC _cCarP _dDLC _dBD-RjUL _beng |
||
| 041 | _aeng | ||
| 082 |
_223 _a370.954 _bNUS 1964 |
||
| 100 | 1 |
_aNurullah, Syed _d1898- _9151774 |
|
| 245 | 1 | 2 |
_aA students' history of education in India (1800-1965) / _cSyed Nurullah and J. P. Naik |
| 250 | _a5th rev. ed. | ||
| 260 |
_aBombay : _bMacmillan and co., _c1964 |
||
| 300 |
_axiv, 447 p. ; _c21 cm. |
||
| 650 | 0 |
_aEducation _zIndia _xHistory. _9119570 |
|
| 700 | 1 |
_aNaik, J. P. _9150577 |
|
| 942 |
_2ddc _cBK |
||
| 999 |
_c52402 _d52402 |
||